书目信息 |
| 题名: |
财务分析
|
|
| 作者: | 鲁爱民 主编 | |
| 分册: | ||
| 出版信息: | 北京 机械工业出版社 2008.12 |
|
| 页数: | 255页 | |
| 开本: | 26cm | |
| 丛书名: | ||
| 单 册: | ||
| 中图分类: | F231.2 | |
| 科图分类: | ||
| 主题词: | 企业--会计分析--高等学校--教材 , 企业 , 会计分析 | |
| 电子资源: | ||
| ISBN: | 978-7-111-17048-8 | |
| 000 | 00943nam0 2200289 45 | |
| 001 | 523 | |
| 005 | 20140908163931.54 | |
| 010 | @a978-7-111-17048-8@dCNY30.00 | |
| 100 | @a20110519d2008 em y0chiy0110 ea | |
| 101 | 0 | @achi |
| 102 | @aCN@b110000 | |
| 105 | @ay z 000yy | |
| 106 | @ar | |
| 200 | 1 | @a财务分析@ACai Wu Fen Xi@dFinancial analysis@f鲁爱民主编@FLu Ai Min Zhu Bian@zeng |
| 205 | @a2版 | |
| 210 | @a北京@c机械工业出版社@d2008.12 | |
| 215 | @a255页@d26cm | |
| 300 | @a财务管理专业核心课程教材/陈国欣主编 | |
| 330 | @a本书包含了对财务报告的分析,涉及到企业融资、财务失败与财务预警分析、资产运营与资本运营、纳税筹划以及利润分配等各个方面。 | |
| 510 | 1 | @aFinancial Analysis@zeng |
| 606 | 0 | @a企业@x会计分析@x高等学校@j教材 |
| 606 | 0 | @a企业 |
| 606 | 0 | @a会计分析 |
| 690 | @aF231.2@v4 | |
| 701 | 0 | @a鲁爱民@ALu Ai Min@c(女,@f1964.5~)@4主编 |
| 801 | 0 | @aCN@bTANGWEI@c20140603 |
| 905 | @b0839362-64@dF231.2@e440=2@f3 | |
| 财务分析=Financial analysis/鲁爱民主编.-2版.-北京:机械工业出版社,2008.12 |
| 255页;26cm |
| 财务管理专业核心课程教材/陈国欣主编 |
| ISBN 978-7-111-17048-8:CNY30.00 |
| 本书包含了对财务报告的分析,涉及到企业融资、财务失败与财务预警分析、资产运营与资本运营、纳税筹划以及利润分配等各个方面。 |
| ● |
| 相关链接 |
|
|
|
|
正题名:财务分析
索取号:F231.2/440=2
 
预约/预借
| 序号 | 登录号 | 条形码 | 馆藏地/架位号 | 状态 | 备注 |
| 1 | 0839362 | 208393629 | 第一样本阅览室/ [索取号:F231.2/440=2] | 在馆 | |
| 2 | 0839363 | 208393638 | 第一借阅区/ [索取号:F231.2/440=2] | 在馆 | |
| 3 | 0839364 | 208393647 | 密集书库-海洋学院/ [索取号:F231.2/440=2] | 在馆 |